[Event "V Floripa Chess Open 2019"]
[Site "Florianopolis/SC"]
[Date "2019.01.24"]
[Round "5.162"]
[White "Teramoto, Anderson"]
[Black "Pimenta, Mauri Moriggi"]
[Result "1-0"]
[WhiteElo "1659"]
[BlackElo "1266"]
[PlyCount "102"]
[EventDate "2019.01.21"]
[EventRounds "10"]
[EventCountry "BRA"]

1. d4 d5 2. c4 e6 3. Nc3 Nf6 4. Nf3 b6 5. e3 Bb7 6. Bd3 Bd6 7. O-O O-O 8. Re1 Ne4 9. Qc2 f5 10. Nb5 a6 11. Nxd6 Qxd6 12. Ne5 Nd7 13. f4 Nxe5 14. dxe5 Qb4 15. Rd1 Qe7 16. Bxe4 fxe4 17. Bd2 Rac8 18. Be1 Qc5 19. Rd4 Rxf4 20. b4 Qf8 21. exf4 Qxf4 22. cxd5 Bxd5 23. Rad1 Qxe5 24. Bg3 Qf5 25. Qf2 Qh5 26. a3 c5 27. bxc5 bxc5 28. R4d2 c4 29. Rf1 Rf8 30. Qe2 Rxf1+ 31. Kxf1 Qxe2+ 32. Kxe2 c3 33. Rc2 Kf7 34. Rxc3 h5 35. Be5 g6 36. Ke3 g5 37. g3 a5 38. Rc7+ Kg6 39. Ra7 Kf5 40. Bd4 Kg4 41. Kf2 Kh3 42. Kg1 Kg4 43. Rxa5 Kf3 44. Rc5 e3 45. Rc3 Ke4 46. Bxe3 g4 47. a4 Ke5 48. a5 Kd6 49. a6 Bc6 50. a7 Kd7 51. Rxc6 Kxc6 1-0

[Event "V Floripa Chess Open 2019"]
[Site "Florianopolis/SC"]
[Date "2019.01.24"]
[Round "5.163"]
[White "Ferreira, Angelo Augusto Pach"]
[Black "Da Silva, Matheus Lopes"]
[Result "1/2-1/2"]
[WhiteElo "1286"]
[BlackElo "1653"]
[PlyCount "91"]
[EventDate "2019.01.21"]
[EventRounds "10"]
[EventCountry "BRA"]

1. d4 Nf6 2. c4 e6 3. Nc3 d5 4. Bg5 Be7 5. Nf3 a6 6. e3 O-O 7. Bd3 dxc4 8. Bxc4 b5 9. Bb3 Bb7 10. O-O Nbd7 11. Rc1 Rc8 12. Qe2 c5 13. Rfd1 Qb6 14. Ne5 Rfe8 15. Nxd7 Nxd7 16. Bxe7 Rxe7 17. a3 Nf6 18. dxc5 Rxc5 19. h3 Qc6 20. f3 Re8 21. Rd2 Qc7 22. Rdc2 Qe7 23. Rd1 Rd8 24. Rxd8+ Qxd8 25. Qd2 Qe7 26. Ne2 g6 27. Rxc5 Qxc5 28. Qc3 Qb6 29. Qd4 Qxd4 30. Nxd4 Kf8 31. Kf2 Ke7 32. e4 Nd7 33. Ke3 Nc5 34. Bc2 e5 35. Nb3 Kd6 36. Nxc5 Kxc5 37. Kd3 a5 38. Bb3 f6 39. g3 g5 40. h4 h6 41. h5 b4 42. a4 Ba6+ 43. Ke3 Bc4 44. Bc2 b3 45. Bd3 Kb4 46. Bxc4 1/2-1/2

[Event "V Floripa Chess Open 2019"]
[Site "Florianopolis/SC"]
[Date "2019.01.24"]
[Round "5.164"]
[White "Neitzel, Jonatan"]
[Black "Jardim, Tamiris Salvador"]
[Result "1-0"]
[WhiteElo "1639"]
[BlackElo "1253"]
[PlyCount "73"]
[EventDate "2019.01.21"]
[EventRounds "10"]
[EventCountry "BRA"]

1. c4 Nf6 2. Nc3 g6 3. g3 Bg7 4. Bg2 d6 5. e3 Nbd7 6. Nge2 Rb8 7. Rb1 a6 8. a4 c5 9. O-O b6 10. d3 Bb7 11. e4 Qc7 12. b4 O-O 13. b5 a5 14. Bb2 Rfd8 15. f4 e6 16. h3 h5 17. Qe1 Re8 18. Qf2 Re7 19. Kh2 Rbe8 20. Rfe1 Ba8 21. Ng1 Bb7 22. Nf3 Qb8 23. Re2 Qc7 24. Rbe1 e5 25. Nd2 exf4 26. Qxf4 Ne5 27. Re3 Kh7 28. Nf3 Nxf3+ 29. Qxf3 Nd7 30. Qe2 Bh6 31. Rf3 f5 32. Qf1 Ne5 33. Rf2 Nd7 34. Rfe2 fxe4 35. Nxe4 Rf8 36. Nf6+ Rxf6 37. Rxe7+ 1-0

[Event "V Floripa Chess Open 2019"]
[Site "Florianopolis/SC"]
[Date "2019.01.24"]
[Round "5.165"]
[White "Frattini, Beatriz Maria"]
[Black "Vidal, Yuri Vinicius Sevul"]
[Result "1-0"]
[WhiteElo "1638"]
[BlackElo "1800"]
[PlyCount "65"]
[EventDate "2019.01.21"]
[EventRounds "10"]
[EventCountry "BRA"]

1. e4 c5 2. Nf3 Nc6 3. d4 cxd4 4. Nxd4 Nf6 5. Nc3 e6 6. Nxc6 bxc6 7. Bd3 Be7 8. Qe2 O-O 9. O-O Bb7 10. Kh1 Qc7 11. e5 Nd5 12. Nxd5 cxd5 13. Qh5 g6 14. Qe2 d6 15. Bh6 Rfd8 16. f4 Bf8 17. Bg5 Rdc8 18. Bf6 Be7 19. Qg4 Bf8 20. Rf3 dxe5 21. fxe5 d4 22. Rh3 Qc6 23. Rg1 Bg7 24. Qh4 h5 25. Qg5 Bxf6 26. exf6 Kf8 27. Bb5 Qxb5 28. Qxb5 Bd5 29. Qb4+ Kg8 30. Qxd4 Rxc2 31. Qd1 Rxb2 32. Qc1 Rab8 33. Qh6 1-0

[Event "V Floripa Chess Open 2019"]
[Site "Florianopolis/SC"]
[Date "2019.01.24"]
[Round "5.166"]
[White "Albuquerque, Jefferson G. Souza"]
[Black "Matsura, Eduardo"]
[Result "0-1"]
[WhiteElo "1811"]
[BlackElo "1624"]
[PlyCount "68"]
[EventDate "2019.01.21"]
[EventRounds "10"]
[EventCountry "BRA"]

1. e4 g6 2. d4 Bg7 3. Nf3 d6 4. h3 Nf6 5. Bd3 O-O 6. Be3 Nc6 7. Qd2 e5 8. d5 Nd4 9. Nxd4 exd4 10. Bxd4 Re8 11. Bxf6 Qxf6 12. Nc3 Qd4 13. O-O-O Qb4 14. a3 Qa5 15. Nb5 Qb6 16. Qe3 c5 17. dxc6 Qxc6 18. Nxa7 Qc7 19. Nb5 Qa5 20. c3 Be6 21. Kd2 Bb3 22. Nxd6 Re7 23. Rc1 Rd8 24. Nxb7 Rxb7 25. Ke2 Rbd7 26. Bc2 Rd2+ 27. Qxd2 Rxd2+ 28. Kxd2 Bh6+ 29. Ke2 Bxc1 30. Rxc1 Qg5 31. Kd1 Be6 32. b4 Qxg2 33. Ke2 Bc4+ 34. Bd3 Qxe4+ 0-1

[Event "V Floripa Chess Open 2019"]
[Site "Florianopolis/SC"]
[Date "2019.01.24"]
[Round "5.167"]
[White "Kim, Andre"]
[Black "Da Rocha, Lucas Sampaio"]
[Result "0-1"]
[WhiteElo "1277"]
[BlackElo "1619"]
[PlyCount "64"]
[EventDate "2019.01.21"]
[EventRounds "10"]
[EventCountry "BRA"]

1. e4 d6 2. Nc3 Nf6 3. Nf3 g6 4. Bc4 Bg7 5. Ng5 O-O 6. Nxf7 Rxf7 7. Bxf7+ Kxf7 8. O-O e5 9. d3 Be6 10. Bg5 h6 11. Bh4 g5 12. Bg3 Nc6 13. Re1 Qd7 14. Kf1 h5 15. f3 h4 16. Bf2 Rh8 17. g3 hxg3 18. Bxg3 Nh5 19. Bf2 Nf4 20. Be3 Rxh2 21. Bxf4 Bh3+ 22. Kg1 Rg2+ 23. Kh1 gxf4 24. Re2 Rg3 25. Rd2 Bf6 26. Ne2 Bg2+ 27. Kg1 Bxf3+ 28. Kf2 Rg2+ 29. Kf1 Qh3 30. Ng1 Rxg1+ 31. Kxg1 Qh1+ 32. Kf2 Bh4# 0-1

[Event "V Floripa Chess Open 2019"]
[Site "Florianopolis/SC"]
[Date "2019.01.24"]
[Round "5.174"]
[White "Moretto, Leticia Soares"]
[Black "Itagyba, Renan Fortes"]
[Result "0-1"]
[WhiteElo "1384"]
[BlackElo "1735"]
[PlyCount "55"]
[EventDate "2019.01.21"]
[EventRounds "10"]
[EventCountry "BRA"]

1. d4 Nf6 2. c4 g6 3. Nc3 Bg7 4. e4 d6 5. Nf3 O-O 6. Be2 e5 7. dxe5 dxe5 8. Qxd8 Rxd8 9. Bg5 c6 10. O-O Re8 11. Rfd1 Bg4 12. h3 Bxf3 13. Bxf3 h6 14. Bh4 g5 15. Bg3 Na6 16. Rd2 Bf8 17. a3 Nc5 18. Rdd1 Nb3 19. Rab1 Nd4 20. Rd2 Rad8 21. Rbd1 Bc5 22. Be2 a5 23. Kf1 Bb6 24. f3 Nxe2 25. Kxe2 Rxd2+ 26. Rxd2 Bd4 27. Nd1 Nh5 28. Bf2 0-1

[Event "V Floripa Chess Open 2019"]
[Site "Florianopolis/SC"]
[Date "2019.01.24"]
[Round "5.175"]
[White "De Sousa E Silva, Luis Gonzaga"]
[Black "Boghi, Victor Almeida"]
[Result "1/2-1/2"]
[WhiteElo "1318"]
[BlackElo "1721"]
[PlyCount "147"]
[EventDate "2019.01.21"]
[EventRounds "10"]
[EventCountry "BRA"]

1. Nf3 c5 2. g3 Nc6 3. Bg2 g6 4. d3 Bg7 5. e4 Nf6 6. O-O d6 7. Nbd2 e5 8. a4 Bg4 9. c3 Qd7 10. Qc2 Bh3 11. Nc4 Bxg2 12. Kxg2 O-O 13. Bg5 h6 14. Bxf6 Bxf6 15. Qd2 Bg7 16. Ne3 Na5 17. Qd1 Rac8 18. Nd5 c4 19. dxc4 Rxc4 20. Nd2 Rcc8 21. h3 Kh7 22. Qe2 Nc6 23. Rfd1 Ne7 24. Nc4 Rfd8 25. b3 Rc5 26. Rac1 Nxd5 27. Rxd5 Rxd5 28. exd5 f5 29. f3 b5 30. Nb2 Qb7 31. Qxb5 Qxb5 32. axb5 e4 33. Nc4 Kg8 34. Kf2 exf3 35. Kxf3 Kf7 36. Ne3 Ke7 37. c4 Kd7 38. h4 h5 39. Ng2 Re8 40. Re1 Rxe1 41. Nxe1 Bh6 42. Nd3 g5 43. hxg5 Bxg5 44. Nf4 h4 45. gxh4 Bxh4 46. Nh3 Ke7 47. Nf4 Be1 48. Ne6 Bc3 49. Kf4 Kf6 50. Nd8 Bb4 51. Nc6 Bc5 52. b4 Bb6 53. Na5 Bf2 54. Nb3 Be1 55. c5 dxc5 56. bxc5 Bb4 57. c6 Bd6+ 58. Kf3 Ke5 59. Nc5 Kxd5 60. Nd7 Bc7 61. Ke3 Ke6 62. Kf3 Kf7 63. Ke3 Kg6 64. Kf3 Kg5 65. Nc5 Kf6 66. Na6 Bb6 67. c7 Bxc7 68. Nxc7 Ke5 69. Na6 Kd5 70. Kf4 Kc4 71. Nc7 Kc5 72. Kxf5 Kb6 73. Ke4 a5 74. bxa6 1/2-1/2

[Event "V Floripa Chess Open 2019"]
[Site "Florianopolis/SC"]
[Date "2019.01.24"]
[Round "5.176"]
[White "Do Prado, Hamilton Mesquita"]
[Black "Sato, Luiz Henrique Yuzo "]
[Result "1-0"]
[WhiteElo "1713"]
[BlackElo "1425"]
[PlyCount "57"]
[EventDate "2019.01.21"]
[EventRounds "10"]
[EventCountry "BRA"]

1. e4 e5 2. Nf3 Nf6 3. d3 Nc6 4. c3 Bc5 5. h3 d6 6. Be2 Be6 7. Nbd2 O-O 8. Qc2 Qd7 9. Nf1 h6 10. g4 d5 11. Be3 d4 12. Bd2 Nh7 13. Ng3 Rad8 14. Nf5 Rfe8 15. a3 Bxf5 16. gxf5 a5 17. Rg1 Kh8 18. c4 Nf6 19. Qc1 Bf8 20. Nh2 Kh7 21. Qd1 g6 22. fxg6+ fxg6 23. Ng4 Ng8 24. Rg3 h5 25. Nh2 Bh6 26. Bxh6 Nxh6 27. Qd2 Rf8 28. Qg5 Qe6 29. Rf3 1-0

[Event "V Floripa Chess Open 2019"]
[Site "Florianopolis/SC"]
[Date "2019.01.24"]
[Round "5.177"]
[White "Scardini, Leonardo"]
[Black "Arndt, Claudio Felipe"]
[Result "0-1"]
[WhiteElo "1294"]
[BlackElo "1693"]
[PlyCount "52"]
[EventDate "2019.01.21"]
[EventRounds "10"]
[EventCountry "BRA"]

1. d4 Nf6 2. c4 c5 3. d5 b5 4. b3 bxc4 5. bxc4 g6 6. Qc2 Bg7 7. Bb2 O-O 8. Nd2 d6 9. e4 Nbd7 10. Be2 Nb6 11. Ngf3 e6 12. O-O exd5 13. exd5 Bf5 14. Bd3 Bxd3 15. Qxd3 Na4 16. Rab1 Nxb2 17. Rxb2 Nxd5 18. Rb3 Nb4 19. Qb1 a5 20. a4 Qd7 21. Ne4 Qxa4 22. Nxd6 Qc6 23. Nb5 Rfe8 24. Re1 Rxe1+ 25. Qxe1 a4 26. Rd3 Nxd3 0-1

[Event "V Floripa Chess Open 2019"]
[Site "Florianopolis/SC"]
[Date "2019.01.24"]
[Round "5.178"]
[White "Maciel, Felipe Eduardo Ribe"]
[Black "Da Silva, Hermes Ludovino"]
[Result "1-0"]
[WhiteElo "1688"]
[BlackElo "1407"]
[PlyCount "59"]
[EventDate "2019.01.21"]
[EventRounds "10"]
[EventCountry "BRA"]

1. e4 c5 2. Nf3 d6 3. d4 cxd4 4. Nxd4 g6 5. Be3 Bg7 6. Nc3 Nf6 7. f3 O-O 8. Qd2 Nc6 9. Bc4 a6 10. Bb3 Re8 11. O-O-O Nxd4 12. Bxd4 b5 13. Kb1 b4 14. Nd5 a5 15. Nxf6+ exf6 16. Bd5 Rb8 17. Ba7 Qc7 18. Bxb8 Qxb8 19. g4 Be6 20. h4 Bxd5 21. Qxd5 Re5 22. Qxd6 Qxd6 23. Rxd6 Re6 24. Rd8+ Bf8 25. h5 g5 26. h6 Rb6 27. Kc1 a4 28. Ra8 a3 29. Rd1 axb2+ 30. Kxb2 1-0

[Event "V Floripa Chess Open 2019"]
[Site "Florianopolis/SC"]
[Date "2019.01.24"]
[Round "5.179"]
[White "Pereira, Cristiano Alves"]
[Black "Carvalho, Isis"]
[Result "0-1"]
[WhiteElo "1687"]
[BlackElo "1396"]
[PlyCount "71"]
[EventDate "2019.01.21"]
[EventRounds "10"]
[EventCountry "BRA"]

1. e4 d6 2. d4 Nf6 3. Nc3 g6 4. Bg5 Bg7 5. Bd3 O-O 6. Qd2 c6 7. f4 a5 8. a4 Na6 9. Nge2 Nb4 10. O-O Bg4 11. h3 Bxe2 12. Nxe2 Qb6 13. Rab1 Rfe8 14. c3 Nxd3 15. Qxd3 Nd7 16. f5 e5 17. fxe6 Rxe6 18. Be3 c5 19. Nf4 Ree8 20. Nd5 Qc6 21. b3 Re6 22. c4 Rae8 23. Nc3 cxd4 24. Bxd4 Nc5 25. Bxc5 dxc5 26. Nd5 Rxe4 27. Qf3 f5 28. Qg3 Bd4+ 29. Kh1 Be5 30. Qg5 Qd6 31. Rxf5 h6 32. Qxh6 gxf5 33. Qxd6 Bxd6 34. Nf6+ Kf7 35. Nxe4 fxe4 36. Kg1 0-1

[Event "V Floripa Chess Open 2019"]
[Site "Florianopolis/SC"]
[Date "2019.01.24"]
[Round "5.180"]
[White "Bauza Mercere, Eduardo"]
[Black "Andersson, Cristian De Oliveir"]
[Result "1-0"]
[WhiteElo "1675"]
[BlackElo "1345"]
[PlyCount "73"]
[EventDate "2019.01.21"]
[EventRounds "10"]
[EventCountry "BRA"]

1. e4 c6 2. d4 d5 3. Nd2 dxe4 4. Nxe4 Bf5 5. Ng3 Bg6 6. N1e2 h6 7. Nf4 Bh7 8. Bc4 e6 9. O-O Nf6 10. c3 Qc7 11. Qe2 Nd5 12. Nxd5 cxd5 13. Bxd5 Be7 14. Be4 Bxe4 15. Nxe4 Nd7 16. Be3 O-O-O 17. c4 f5 18. Nc3 a6 19. c5 Nf6 20. b4 Qc6 21. b5 axb5 22. Nxb5 Kd7 23. Bf4 Qe4 24. Qxe4 Nxe4 25. Be5 Bf6 26. Bxf6 Nxf6 27. Nc3 Kc6 28. Rab1 Rxd4 29. Rb6+ Kxc5 30. Rxb7 Rd7 31. Na4+ Kc6 32. Rb6+ Kd5 33. Rd1+ Ke5 34. Re1+ Kf4 35. Rbxe6 Re8 36. Rxe8 Nxe8 37. g3+ 1-0

[Event "V Floripa Chess Open 2019"]
[Site "Florianopolis/SC"]
[Date "2019.01.24"]
[Round "5.181"]
[White "Bonvini, Adriana Tonhati"]
[Black "Born, Ary"]
[Result "1-0"]
[WhiteElo "1636"]
[BlackElo "1338"]
[PlyCount "49"]
[EventDate "2019.01.21"]
[EventRounds "10"]
[EventCountry "BRA"]

1. e4 e6 2. d4 d5 3. e5 c5 4. c3 a6 5. Nf3 Nc6 6. Bd3 cxd4 7. cxd4 Bd7 8. a3 Qb6 9. O-O Be7 10. Nc3 Nxd4 11. Nxd4 Qxd4 12. Re1 Rc8 13. Ne2 Qxe5 14. Be3 Nf6 15. b4 Ng4 16. Bf4 Qf6 17. Bg3 b5 18. Nf4 Qb2 19. Qxg4 e5 20. Qxg7 Qd2 21. Qxh8+ Bf8 22. Qxe5+ Be6 23. Nxe6 Qxd3 24. Nxf8+ Kxf8 25. Qh8# 1-0

[Event "V Floripa Chess Open 2019"]
[Site "Florianopolis/SC"]
[Date "2019.01.24"]
[Round "5.182"]
[White "Neuenfeld, Eduarda"]
[Black "Santana Magalhaes, Amanda Borges"]
[Result "0-1"]
[WhiteElo "1313"]
[BlackElo "1636"]
[PlyCount "80"]
[EventDate "2019.01.21"]
[EventRounds "10"]
[EventCountry "BRA"]

1. d4 d5 2. Bf4 Nf6 3. e3 a6 4. Nf3 Bf5 5. c4 c6 6. Nc3 e6 7. Be2 h6 8. h3 Be7 9. O-O Nbd7 10. Rc1 O-O 11. a3 Ne4 12. Nxe4 Bxe4 13. cxd5 exd5 14. Qb3 Nb6 15. Nd2 Bf5 16. Qc3 Bd6 17. Bxd6 Qxd6 18. Qa5 Nd7 19. Nb3 Qg6 20. Kh2 Rab8 21. Nc5 b6 22. Qc3 bxc5 23. Bxa6 c4 24. g4 Qd6+ 25. f4 Bd3 26. Rf2 Rb3 27. Qd2 Rc8 28. Bxc4 Bxc4 29. Kg1 Nf6 30. Qe1 Ne4 31. Rg2 Rcb8 32. g5 hxg5 33. fxg5 Rxb2 34. Rcc2 Qxa3 35. g6 f6 36. Qh4 Qxe3+ 37. Kh2 Ng5 38. Rxg5 Rxc2+ 39. Rg2 Rxg2+ 40. Kxg2 Rb2+ 0-1

[Event "V Floripa Chess Open 2019"]
[Site "Florianopolis/SC"]
[Date "2019.01.24"]
[Round "5.183"]
[White "Belle, Diego Leonardo"]
[Black "Goncalves, Janaina"]
[Result "1/2-1/2"]
[WhiteElo "1633"]
[BlackElo "1292"]
[PlyCount "109"]
[EventDate "2019.01.21"]
[EventRounds "10"]
[EventCountry "BRA"]

1. c4 e5 2. Nc3 Nc6 3. e4 Bc5 4. Nf3 Nf6 5. d3 Ng4 6. Be3 Nxe3 7. fxe3 Bxe3 8. Nd5 Bc5 9. Qd2 Be7 10. Nxe7 Qxe7 11. a3 a5 12. Qf2 b6 13. Be2 h6 14. O-O O-O 15. Rac1 Qc5 16. Nh4 Qxf2+ 17. Rxf2 d6 18. Rcf1 Be6 19. h3 Nd4 20. g4 Rad8 21. Bd1 c6 22. Nf3 Nxf3+ 23. Rxf3 d5 24. exd5 cxd5 25. b3 f6 26. a4 Rfe8 27. Bc2 Bf7 28. Rd1 Bg6 29. Re3 Rd6 30. Kf2 Kf7 31. Rd2 f5 32. cxd5 Rxd5 33. gxf5 Bxf5 34. Rf3 Ke6 35. b4 Kf6 36. Bb3 Rd6 37. Re3 g5 38. b5 h5 39. d4 e4 40. d5 g4 41. h4 Bh7 42. Rc2 Ke5 43. Rc6 Rf8+ 44. Kg2 Rf3 45. Rxf3 gxf3+ 46. Kf2 Bf5 47. Ke3 Bg6 48. Bc4 Bf7 49. Rxd6 Kxd6 50. Kxe4 f2 51. Be2 Bxd5+ 52. Ke3 Kc5 53. Kxf2 Bf7 54. Ke3 Kb4 55. Bd1 1/2-1/2

[Event "V Floripa Chess Open 2019"]
[Site "Florianopolis/SC"]
[Date "2019.01.24"]
[Round "5.184"]
[White "De Souza, Paulo H. Pinheiro"]
[Black "Brand, Oliver"]
[Result "1-0"]
[WhiteElo "1619"]
[BlackElo "1243"]
[PlyCount "55"]
[EventDate "2019.01.21"]
[EventRounds "10"]
[EventCountry "BRA"]

1. c4 e5 2. Nc3 Nf6 3. Nf3 Nc6 4. g3 Bc5 5. Bg2 O-O 6. O-O d5 7. cxd5 Nxd5 8. Nxd5 Qxd5 9. Qc2 Be6 10. Ng5 e4 11. Nxe4 Qc4 12. Qxc4 Bxc4 13. Nxc5 Bxe2 14. Re1 Nd4 15. Rb1 Rfe8 16. d3 Nc2 17. Be3 Nxe1 18. Rxe1 Bg4 19. Bxb7 Rab8 20. b3 Bf5 21. Bc6 Re7 22. Rc1 Rb6 23. Na4 Ra6 24. d4 Re6 25. d5 Rd6 26. Bf4 Rf6 27. Bxc7 Be4 28. Re1 1-0

[Event "V Floripa Chess Open 2019"]
[Site "Florianopolis/SC"]
[Date "2019.01.24"]
[Round "5.185"]
[White "Caporale, Giuseppe Guido"]
[Black "Garcia, Otavio Landerdahl"]
[Result "1-0"]
[WhiteElo "1592"]
[BlackElo "1208"]
[PlyCount "79"]
[EventDate "2019.01.21"]
[EventRounds "10"]
[EventCountry "BRA"]

1. e4 e6 2. d4 d5 3. e5 c5 4. c3 Nc6 5. Nf3 Bd7 6. Be2 Be7 7. O-O f6 8. exf6 Nxf6 9. Bf4 O-O 10. Be5 Ng4 11. Bg3 Nf6 12. Nbd2 Qb6 13. Qb3 cxd4 14. Qxb6 axb6 15. cxd4 Nh5 16. Bc7 Bd8 17. Bd6 Re8 18. Rfe1 Be7 19. Bxe7 Rxe7 20. g3 Nb4 21. Bd1 Rxa2 22. Rxa2 Nxa2 23. Ne5 Nf6 24. Bf3 Nb4 25. Nxd7 Nxd7 26. Bg4 Kf7 27. Nf3 h6 28. Re3 Nc6 29. h4 Na5 30. Nd2 Nb8 31. f4 Nac6 32. Nf3 Nd7 33. Bh3 Nf6 34. Rb3 Nd7 35. g4 Na5 36. Rc3 Nc4 37. Bf1 Nxb2 38. Rc7 Nf6 39. Ne5+ Ke8 40. Rc8# 1-0

[Event "V Floripa Chess Open 2019"]
[Site "Florianopolis/SC"]
[Date "2019.01.24"]
[Round "5.186"]
[White "Purim, Kaiane"]
[Black "Quaresma, Givanildo Ribeiro"]
[Result "0-1"]
[WhiteElo "1228"]
[BlackElo "1586"]
[PlyCount "120"]
[EventDate "2019.01.21"]
[EventRounds "10"]
[EventCountry "BRA"]

1. c4 e5 2. e4 d6 3. d3 Nc6 4. Nc3 h6 5. Be3 Nf6 6. Nf3 Bg4 7. Be2 Be7 8. h3 Bh5 9. O-O Qd7 10. Qd2 g5 11. d4 g4 12. hxg4 Nxg4 13. Nd5 Nxe3 14. Qxe3 Bxf3 15. Bxf3 Nxd4 16. Bd1 O-O-O 17. Rb1 h5 18. b4 h4 19. Nxe7+ Qxe7 20. c5 dxc5 21. bxc5 Qxc5 22. Bb3 Nxb3 23. Qxb3 b6 24. Qxf7 Rdf8 25. Qe6+ Kb8 26. Rbc1 Qd4 27. Qc6 Rh7 28. a4 Rg8 29. Rfd1 Qb4 30. Rd7 Rxd7 31. Qxd7 Qd6 32. Qh7 Qg6 33. Qxg6 Rxg6 34. Kh2 Rg4 35. Rc4 Kb7 36. g3 hxg3+ 37. fxg3 a6 38. Kh3 Rg8 39. g4 b5 40. axb5 axb5 41. Rc5 Kb6 42. Rxe5 b4 43. g5 b3 44. Rd5 c5 45. Rd6+ Kb5 46. g6 c4 47. e5 b2 48. Rd1 Rxg6 49. Re1 Re6 50. Kg4 c3 51. Kf5 Re8 52. e6 c2 53. Kf6 c1=Q 54. Rxc1 bxc1=Q 55. Kf7 Qc8 56. e7 Qd7 57. Kg6 Qxe7 58. Kf5 Rf8+ 59. Kg4 Qg7+ 60. Kh3 Rh8# 0-1

[Event "V Floripa Chess Open 2019"]
[Site "Florianopolis/SC"]
[Date "2019.01.24"]
[Round "5.187"]
[White "Ramirez Brizuela, Juan Bartolome"]
[Black "Nunes, Lucas Alexandre"]
[Result "1/2-1/2"]
[WhiteElo "1582"]
[BlackElo "1199"]
[PlyCount "45"]
[EventDate "2019.01.21"]
[EventRounds "10"]
[EventCountry "BRA"]

1. b3 d5 2. Bb2 Nc6 3. e3 e5 4. Bb5 Bd6 5. Bxc6+ bxc6 6. c4 Ba6 7. Qg4 Qf6 8. d3 Ne7 9. Nd2 Qg6 10. Qxg6 Nxg6 11. Ngf3 f6 12. O-O-O Kf7 13. g4 h6 14. h4 Rh7 15. g5 Rah8 16. h5 Ne7 17. g6+ Nxg6 18. hxg6+ Kxg6 19. Nh4+ Kf7 20. a3 g5 21. Nf5 dxc4 22. Nxd6+ cxd6 23. e4 1/2-1/2

[Event "V Floripa Chess Open 2019"]
[Site "Florianopolis/SC"]
[Date "2019.01.24"]
[Round "5.188"]
[White "Monteiro, Daniel Zotelli"]
[Black "Ittner, Emily Caroline"]
[Result "1-0"]
[WhiteElo "1567"]
[BlackElo "1087"]
[PlyCount "99"]
[EventDate "2019.01.21"]
[EventRounds "10"]
[EventCountry "BRA"]

1. e4 c5 2. Nf3 d6 3. d4 cxd4 4. Nxd4 e5 5. Nb3 Nf6 6. Nc3 Be7 7. Be2 O-O 8. Be3 a6 9. O-O b5 10. Nd5 Bb7 11. Nxe7+ Qxe7 12. f3 Nbd7 13. Na5 Bc8 14. Rc1 Qd8 15. b4 Nb6 16. Qd2 Be6 17. a3 Rc8 18. Rfe1 d5 19. Bc5 Re8 20. Nb7 Qc7 21. Nd6 Nc4 22. Bxc4 bxc4 23. Nxe8 Rxe8 24. exd5 Bxd5 25. Qf2 e4 26. Rb1 Re5 27. f4 Rf5 28. g3 Ng4 29. Qe2 Nf6 30. Be3 h5 31. h3 Be6 32. Bd4 Nd5 33. Qxe4 Nf6 34. Bxf6 Rxf6 35. Kh2 h4 36. Re3 Rg6 37. g4 Qc8 38. f5 Bxf5 39. Qe8+ Qxe8 40. Rxe8+ Kh7 41. gxf5 Rg3 42. c3 Rf3 43. Re5 f6 44. Ra5 Kh6 45. Rxa6 Kg5 46. Ra5 Kf4 47. b5 Rf2+ 48. Kg1 Rf3 49. Rf1 Rxf1+ 50. Kxf1 1-0

[Event "V Floripa Chess Open 2019"]
[Site "Florianopolis/SC"]
[Date "2019.01.24"]
[Round "5.189"]
[White "Santos, Gildemar De Oliveir"]
[Black "De Oliveira, Nicolas Fabiane"]
[Result "1-0"]
[WhiteElo "1566"]
[BlackElo "1078"]
[PlyCount "51"]
[EventDate "2019.01.21"]
[EventRounds "10"]
[EventCountry "BRA"]

1. Nf3 d5 2. c4 Nf6 3. e3 Bf5 4. Nc3 e6 5. Qb3 b6 6. Nd4 Bg6 7. Qb5+ Nfd7 8. cxd5 a6 9. Qc6 Bd6 10. dxe6 O-O 11. exd7 Nxd7 12. g3 Ne5 13. Qg2 Qf6 14. f4 Ng4 15. Be2 Rfe8 16. Nd5 Qd8 17. Bxg4 Be4 18. Bf3 Bd3 19. Ne6 Qd7 20. b3 g6 21. Bb2 Qc6 22. Nf6+ Kh8 23. Bxc6 Rac8 24. Bxe8 Rxe8 25. Qc6 Rc8 26. Qd7 1-0

[Event "V Floripa Chess Open 2019"]
[Site "Florianopolis/SC"]
[Date "2019.01.24"]
[Round "5.190"]
[White "Ibanez, Jorge Llivi"]
[Black "Nunes, Nicole"]
[Result "1-0"]
[WhiteElo "1549"]
[BlackElo "1022"]
[PlyCount "49"]
[EventDate "2019.01.21"]
[EventRounds "10"]
[EventCountry "BRA"]

1. d4 Nf6 2. c4 g6 3. Nc3 Bg7 4. Nf3 O-O 5. e4 d6 6. Bd3 Nbd7 7. O-O a6 8. Bg5 Re8 9. Rb1 b6 10. Qd2 c6 11. Bc2 c5 12. b3 Ng4 13. h3 Ngf6 14. Bh6 e5 15. Rfe1 Nh5 16. Bxg7 Nxg7 17. Red1 Nf6 18. dxe5 dxe5 19. Qxd8 Bb7 20. Qc7 Re6 21. Qxb7 Nd7 22. Qxd7 Rae8 23. Qb7 R8e7 24. Qxa6 Re8 25. Nb5 1-0

[Event "V Floripa Chess Open 2019"]
[Site "Florianopolis/SC"]
[Date "2019.01.24"]
[Round "5.191"]
[White "Lanznaster, Joao Vitor"]
[Black "Girona, Martin"]
[Result "0-1"]
[WhiteElo "1180"]
[BlackElo "1548"]
[PlyCount "52"]
[EventDate "2019.01.21"]
[EventRounds "10"]
[EventCountry "BRA"]

1. e4 e6 2. d4 d5 3. e5 c5 4. c3 Qb6 5. Nf3 Bd7 6. a3 Bb5 7. Bxb5+ Qxb5 8. Nbd2 Nc6 9. Qc2 Nge7 10. b4 c4 11. O-O Ng6 12. Re1 Nf4 13. Nf1 Nd3 14. Re2 Be7 15. Ne1 Rc8 16. a4 Qb6 17. Nxd3 cxd3 18. Qxd3 O-O 19. Re3 f6 20. exf6 Rxf6 21. Rh3 g6 22. Qg3 Rcf8 23. f3 e5 24. b5 Nxd4 25. Kh1 Ne2 26. Qxe5 Qg1# 0-1

[Event "V Floripa Chess Open 2019"]
[Site "Florianopolis/SC"]
[Date "2019.01.24"]
[Round "5.192"]
[White "Zottis, Pietro"]
[Black "Niehues, Luiz Cesar"]
[Result "0-1"]
[WhiteElo "1789"]
[BlackElo "1540"]
[PlyCount "86"]
[EventDate "2019.01.21"]
[EventRounds "10"]
[EventCountry "BRA"]

1. e4 e5 2. Nf3 Nc6 3. Bc4 Nf6 4. Nc3 Bc5 5. O-O d6 6. h3 O-O 7. d3 h6 8. Nh2 a6 9. a3 Be6 10. Qf3 Nd4 11. Qg3 Nh5 12. Qe3 Bxc4 13. dxc4 f5 14. Ne2 Nxc2 15. Qf3 Qh4 16. g3 Qxh3 17. b4 fxe4 18. Qh1 Nxg3 19. Nxg3 Qxg3+ 20. Qg2 Qxg2+ 21. Kxg2 Rxf2+ 22. Rxf2 Bxf2 23. Kxf2 Nxa1 24. Bb2 Nc2 25. Ke2 Rf8 26. c5 h5 27. cxd6 cxd6 28. Kd2 e3+ 29. Kxc2 Rf2+ 30. Kd1 Rxh2 31. Bc1 Rh1+ 32. Kc2 Rxc1+ 33. Kxc1 h4 34. Kd1 h3 35. Ke2 h2 36. Kxe3 h1=Q 37. a4 d5 38. Kd2 Qf3 39. b5 e4 40. bxa6 bxa6 41. a5 e3+ 42. Ke1 Qf2+ 43. Kd1 Qd2# 0-1

[Event "V Floripa Chess Open 2019"]
[Site "Florianopolis/SC"]
[Date "2019.01.24"]
[Round "5.193"]
[White "Sarda, Pedro Sada"]
[Black "Schroeder, Matheus"]
[Result "1-0"]
[WhiteElo "1539"]
[BlackElo "1003"]
[PlyCount "69"]
[EventDate "2019.01.21"]
[EventRounds "10"]
[EventCountry "BRA"]

1. d4 Nf6 2. Bf4 e6 3. e3 d5 4. Nd2 Bb4 5. c3 Bd6 6. Bg3 O-O 7. Ngf3 Nbd7 8. Bd3 Re8 9. Bxd6 cxd6 10. O-O e5 11. dxe5 dxe5 12. Bc2 e4 13. Nd4 Qc7 14. h3 Re5 15. Bb3 Nc5 16. Ne2 Nd3 17. Qc2 Rh5 18. Ng3 Ng4 19. hxg4 Rh4 20. Bxd5 Bxg4 21. Bxe4 Be2 22. Bxd3 Bxd3 23. Qxd3 Rd8 24. Qe2 Rd6 25. Nf3 Rhh6 26. Nh4 Rxh4 27. Qb5 h6 28. Rad1 g5 29. Qd7 Qc4 30. Qe8+ Kg7 31. Nf5+ Kg6 32. Nxh4+ Qxh4 33. Rxd6+ Kf5 34. Qxf7+ Ke4 35. Qd5# 1-0